El rey recibe (Record no. 60053)

MARC details
000 -LEADER
campo de control de longitud fija 01884nac a2200301 a 4500
003 - IDENTIFICADOR DE NÚMERO DE CONTROL
campo de control Co-PeBPM
005 - FECHA Y HORA DE LA ÚLTIMA TRANSACCIÓN
campo de control 20241012012827.0
007 - CAMPO FIJO DE DESCRIPCIÓN FÍSICA--INFORMACIÓN GENERAL
campo de control de longitud fija ta
008 - DATOS DE LONGITUD FIJA--INFORMACIÓN GENERAL
campo de control de longitud fija 241012s2018 ck |||| |||| 00| 0 spa d
020 ## - NÚMERO INTERNACIONAL ESTÁNDAR DEL LIBRO
Número Internacional Estándar del Libro ISBN 13: 9789584272010
020 ## - NÚMERO INTERNACIONAL ESTÁNDAR DEL LIBRO
Número Internacional Estándar del Libro ISBN 10: 9584272012
040 ## - FUENTE DE CATALOGACIÓN
Centro catalogador/agencia de origen Co-PeBPM
Lengua de catalogación spa
Centro/agencia transcriptor Co-PeBPM
Normas de descripción rda
041 ## - CÓDIGO DE IDIOMA
Código de lengua del texto/banda sonora o título independiente spa
082 04 - NÚMERO DE LA CLASIFICACIÓN DECIMAL DEWEY
Número de clasificación 863 M539r
Número de edición 22
100 10 - ENTRADA PRINCIPAL--NOMBRE DE PERSONA
Nombre de persona Mendoza Garriga, Eduardo,
Fechas asociadas al nombre 1943-
Término indicativo de función/relación autor
245 10 - MENCIÓN DEL TÍTULO
Título El rey recibe
Mención de responsabilidad, etc. / Eduardo Mendoza
250 ## - MENCION DE EDICION
Mención de edición Primera edición
260 ## - PUBLICACIÓN, DISTRIBUCIÓN, ETC.
Lugar de publicación, distribución, etc. Barcelona ; Bogotá
Nombre del editor, distribuidor, etc. : Editorial Planeta : Seix Barral
Fecha de publicación, distribución, etc. , 2018
300 ## - DESCRIPCIÓN FÍSICA
Extensión 366 paginas
Dimensiones 23 centímetros
490 ## - MENCIÓN DE SERIE
Mención de serie Biblioteca breve
500 ## - NOTA GENERAL
Nota general Contiene datos biográficos del autor en la solapa del texto
520 ## - RESUMEN, ETC.
Sumario, etc. Barcelona, 1968. Rufo Batalla recibe su primer encargo como plumilla en un periódico: cubrir la boda de un príncipe en el exilio con una bella señorita de la alta sociedad. Coincidencias y malentendidos le llevan a trabar amistad con el príncipe, que le encomienda, entre otras cosas, escribir la crónica de su peculiar historia. El opresivo ambiente de la gris España franquista pronto se quedará pequeño para Rufo, que viajará a Nueva York con poco dinero, grandes esperanzas y el difuso objetivo de hacer algo emocionante con su vida. Rufo Batalla será testigo de los fenómenos sociales de los años setenta, como la igualdad racial, el feminismo, el movimiento gay o el desplazamiento de los grandes centros culturales y la deriva de la cultura hacia nuevas formas de expresión, fenómenos que en buena parte hicieron del presente lo que es hoy...tomado de la contracubierta del libro
650 14 - PUNTO DE ACCESO ADICIONAL DE MATERIA--TÉRMINO DE MATERIA
Término de materia o nombre geográfico como elemento de entrada Literatura española
Fuente del encabezamiento o término LEMB
650 14 - PUNTO DE ACCESO ADICIONAL DE MATERIA--TÉRMINO DE MATERIA
Término de materia o nombre geográfico como elemento de entrada Novelas españolas
Fuente del encabezamiento o término LEMB
650 14 - PUNTO DE ACCESO ADICIONAL DE MATERIA--TÉRMINO DE MATERIA
Término de materia o nombre geográfico como elemento de entrada Movimientos sociales - Años setenta
Fuente del encabezamiento o término LEMB
942 ## - ELEMENTOS DE ENTRADA SECUNDARIOS (KOHA)
Fuente del sistema de clasificación o colocación Clasificación Decimal Dewey
Tipo de ítem Koha Libros
Suprimir en OPAC No
Holdings
Estatus retirado Estado de pérdida Fuente del sistema de clasificación o colocación Estado de daño No para préstamo Biblioteca de origen Biblioteca actual Fecha de adquisición Fuente de adquisición Total de préstamos Signatura topográfica completa Código de barras Visto por última vez Fecha del último préstamo Copia número Precio de reemplazo Tipo de ítem Koha
    Clasificación Decimal Dewey     BIBLIOTECA PÚBLICA MUNICIPAL RAMON CORREA MEJIA BIBLIOTECA PÚBLICA MUNICIPAL RAMON CORREA MEJIA 10/08/2024 Donación 1 863 M539r 60411 21/01/2025 17/01/2025 Ej.1 12/10/2024 Libros

Powered by Koha